| 000 | 00776nam a2200229 i 4500 | ||
|---|---|---|---|
| 001 | 149075 | ||
| 003 | ES-MaACL | ||
| 005 | 20230906202934.0 | ||
| 007 | t| | ||
| 008 | 070214s1987 xxk r ||||1| eng d | ||
| 100 | 1 |
_aSwan, Michael. _9108918 |
|
| 245 | 1 | 4 |
_aThe Cambridge English Course 3 / _cMichael Swan and Catherine Walter. |
| 260 |
_aCambridge [etc.] : _bCambridge University Press, _c1987. |
||
| 300 |
_a2 v. : _bil. ; _c25 cm + _e4 audiocasetes. |
||
| 500 | _aContiene: I . Student's book 3 ----- II . Practice book 3. | ||
| 650 | 0 | 4 |
_aLengua inglesa- _vMétodos. _914282 |
| 700 | 1 |
_aWalter, Catherine. _9116003 |
|
| 710 | 2 |
_aUniversity of Cambridge. _97505 |
|
| 740 | 0 | _aStudent's book 3. | |
| 740 | 0 | _aPractice book 3. | |
| 852 |
_aES-MaACL _jP-571 _bR.114762 |
||
| 999 |
_c149075 _d149075 |
||